| 000 | 00767nam a2200229 i 4500 | ||
|---|---|---|---|
| 001 | 31546 | ||
| 003 | ES-MaACL | ||
| 005 | 20230906154412.0 | ||
| 007 | t| | ||
| 008 | 030129s1952 pr |||| |bspa d | ||
| 080 | _a929Sanroma, Jesús María | ||
| 100 | 1 |
_aBelaval, Emilio S. _927129 |
|
| 245 | 1 | 3 |
_aEl niño Sanromá _b: biografía mínima / _cEmilio S. Belaval. |
| 260 |
_aSan Juan de Puerto Rico : _bBiblioteca de Autores Puertorriqueños, _c1952] ( _fImp. Radio) |
||
| 300 |
_a69 p. ; _c17 cm. |
||
| 490 | 1 | _aBiblioteca de autores puertorriqueños | |
| 600 | 1 | 4 |
_aSanroma, Jesús María _cint. _9150739 |
| 830 | 0 |
_aBiblioteca de autores puertorriqueños _9181221 |
|
| 852 |
_aES-MaACL _j1945-F-16 |
||
| 852 |
_aES-MaACL _jC-19525 |
||
| 999 |
_c31546 _d31546 |
||